Effect of case hardening process of alloy steels on their were characteristics / (رقم التسجيلة. 14676)

تفاصيل مارك
000 -LEADER
fixed length control field 01529nam a2200337 a 4500
003 - CONTROL NUMBER IDENTIFIER
control field EG-GiCUC
005 - DATE AND TIME OF LATEST TRANSACTION
control field 20250223025520.0
008 - FIXED-LENGTH DATA ELEMENTS--GENERAL INFORMATION
fixed length control field 090209s2008 ua d f m 000 0 eng d
040 ## - CATALOGING SOURCE
Original cataloging agency EG-GiCUC
Language of cataloging eng
Transcribing agency EG-GiCUC
041 0# - LANGUAGE CODE
Language code of text/sound track or separate title eng
049 ## - LOCAL HOLDINGS (OCLC)
Holding library Deposite
097 ## - Thesis Degree
Thesis Level M.Sc
099 ## - LOCAL FREE-TEXT CALL NUMBER (OCLC)
Classification number Cai01.13.13.M.Sc.2008.El.E
100 0# - MAIN ENTRY--PERSONAL NAME
Personal name Elsawy Elmaghawry Tolba Elsawy
245 10 - TITLE STATEMENT
Title Effect of case hardening process of alloy steels on their were characteristics /
Statement of responsibility, etc. Elsawy Elmaghawry Tolba Elsawy ; Supervised M. Rashad Elhebeary , Ahmed M. M. Elbahloul
246 15 - VARYING FORM OF TITLE
Title proper/short title دراسة تأثير عملية التصليد السطحي لسبائك الصلب علي معدلات تآكلها
260 ## - PUBLICATION, DISTRIBUTION, ETC.
Place of publication, distribution, etc. Cairo :
Name of publisher, distributor, etc. Elsawy Elmaghawry Tolba Elsawy ,
Date of publication, distribution, etc. 2008
300 ## - PHYSICAL DESCRIPTION
Extent 97 P. :
Other physical details charts ;
Dimensions 30cm
502 ## - DISSERTATION NOTE
Dissertation note Thesis (M.Sc.) - Cairo University - Faculty of Engineering - Department of Mechanical Design and Production
520 ## - SUMMARY, ETC.
Summary, etc. In this investigation, experiments were carried out to evaluate the wear resistance using wear test rig designed and manufactured for this purpose. Three types of alloy steel were used, namely 16MnCr5, 17CrNiM06, and 18MnCrBs
530 ## - ADDITIONAL PHYSICAL FORM AVAILABLE NOTE
Additional physical form available note Issued also as CD
653 #4 - INDEX TERM--UNCONTROLLED
Uncontrolled term Alloy steels
653 #4 - INDEX TERM--UNCONTROLLED
Uncontrolled term Case hardening
653 #4 - INDEX TERM--UNCONTROLLED
Uncontrolled term Heat treatment
700 0# - ADDED ENTRY--PERSONAL NAME
Personal name Ahmed Moustafa Mohamed Elbahloul ,
Relator term
700 0# - ADDED ENTRY--PERSONAL NAME
Personal name Mohamed Rashad Elhebeary ,
Relator term
856 ## - ELECTRONIC LOCATION AND ACCESS
Uniform Resource Identifier <a href="http://172.23.153.220/th.pdf">http://172.23.153.220/th.pdf</a>
905 ## - LOCAL DATA ELEMENT E, LDE (RLIN)
Cataloger Mustafa
Reviser Revisor
905 ## - LOCAL DATA ELEMENT E, LDE (RLIN)
Cataloger Samia
Reviser Cataloger
942 ## - ADDED ENTRY ELEMENTS (KOHA)
Source of classification or shelving scheme Dewey Decimal Classification
Koha item type Thesis
المقتنيات
Source of classification or shelving scheme Not for loan Home library Current library Date acquired Full call number Barcode Date last seen Koha item type Copy number
Dewey Decimal Classification   المكتبة المركزبة الجديدة - جامعة القاهرة قاعة الرسائل الجامعية - الدور الاول 11.02.2024 Cai01.13.13.M.Sc.2008.El.E 01010110050570000 22.09.2023 Thesis  
Dewey Decimal Classification   المكتبة المركزبة الجديدة - جامعة القاهرة مخـــزن الرســائل الجـــامعية - البدروم 11.02.2024 Cai01.13.13.M.Sc.2008.El.E 01020110050570000 22.09.2023 CD - Rom 50570.CD
Cairo University Libraries Portal Implemented & Customized by: Eng. M. Mohamady Contacts: new-lib@cl.cu.edu.eg | cnul@cl.cu.edu.eg
CUCL logo CNUL logo
© All rights reserved — Cairo University Libraries
CUCL logo
Implemented & Customized by: Eng. M. Mohamady Contact: new-lib@cl.cu.edu.eg © All rights reserved — New Central Library
CNUL logo
Implemented & Customized by: Eng. M. Mohamady Contact: cnul@cl.cu.edu.eg © All rights reserved — Cairo National University Library